[Event "Sofia MGU blitz 09th"]
[Site "Sofia"]
[Date "2017.11.18"]
[Round "3"]
[White "Stefanov, Boris"]
[Black "Todorova, Daniela"]
[Result "1-0"]
[WhiteElo "1691"]
[BlackElo "1008"]
[PlyCount "44"]
[EventDate "2017.11.18"]
[EventType "tourn (blitz)"]
[EventRounds "14"]
[EventCountry "BUL"]
[SourceTitle "EXT 2019"]
[Source "ChessBase"]
[SourceDate "2018.10.10"]
[SourceVersion "1"]
[SourceVersionDate "2018.10.10"]
[SourceQuality "1"]

1. e4 e5 2. Nc3 d6 3. g3 g6 4. Bg2 Nf6 5. Nge2 Bg7 6. 0-0 0-0 7. d3 c5 8. Bd2 Nc6 9. Qc1 Bg4 10. Bh6 Nh5 11. Bxg7 Nxg7 12. h3 Bxe2 13. Nxe2 Nd4 14. Qd2 Nxe2+ 15. Qxe2 Qd7 16. f4 exf4 17. gxf4 Rae8 18. Qf3 Re6 19. h4 Nh5 20. Bh3 Nxf4 21. Qxf4 f5 22. exf5 gxf5 1-0